00611nam a2200169Ia 450000500170000000800410001702000150005808200130007310000150008624500540010126000280015530000190018350001230020294200060032595200950033199900150042620240925010921.0240331s9999 xx 000 0 und d a0415073065 bGOOa792 aGoodman, L 0aContemporary feminist theatres :bto each her own aLondonbRoutledgec1993 axiii, 313 p ., aContemporary Feminist Theatres is the first full evaluation of the forms feminism has taken in the theatre since 1968. cL 001040708LaWERCLbWERCLcSSCd2024-03-31l0o 792 GOOp5162r2024-03-31w2024-03-31yL c3071d3071